Shipping Finance / (Record no. 26547)

000 -LEADER
fixed length control field 00507 a2200169 4500
008 - FIXED-LENGTH DATA ELEMENTS--GENERAL INFORMATION
fixed length control field 230628b ||||| |||| 00| 0 eng d
020 ## - INTERNATIONAL STANDARD BOOK NUMBER
International Standard Book Number 9781908833280
Terms of availability GBP109.99
041 0# - LANGUAGE CODE
Language code of text/sound track or separate title eng
082 00 - DEWEY DECIMAL CLASSIFICATION NUMBER
Classification number 387.51
Item number I17
110 ## - MAIN ENTRY--CORPORATE NAME
9 (RLIN) 2796
Corporate name or jurisdiction name as entry element Institute of Chartered Shipbrokers
245 ## - TITLE STATEMENT
Title Shipping Finance /
250 ## - EDITION STATEMENT
Edition statement 2021 edition.
260 ## - PUBLICATION, DISTRIBUTION, ETC. (IMPRINT)
Place of publication, distribution, etc London :
Name of publisher, distributor, etc Institute of Chartered Shipbrokers,
Date of publication, distribution, etc 2021.
300 ## - PHYSICAL DESCRIPTION
Extent vi, 122 p. :
Other physical details illustrations (color) ;
Dimensions 25 cm.
650 #0 - SUBJECT ADDED ENTRY--TOPICAL TERM
Topical term or geographic name as entry element Shipping Finance
942 ## - ADDED ENTRY ELEMENTS (KOHA)
Source of classification or shelving scheme
Item type Books
Holdings
Withdrawn status Lost status Source of classification or shelving scheme Damaged status Not for loan Permanent location Current location Shelving location Date acquired Source of acquisition Cost, normal purchase price Full call number Barcode Date last seen Cost, replacement price Koha item type
          IMU Kolkata IMU Kolkata Reference 2023-06-28 5 10008.90 387.51 I17 14217 2023-06-28 11121.00 Books
          IMU Kolkata IMU Kolkata   2023-06-28 5 10008.90 387.51 I17 14218 2023-06-28 11121.00 Books
          IMU Kolkata IMU Kolkata   2023-06-28 5 10008.90 387.51 I17 14219 2023-06-28 11121.00 Books
Designed and Maintained by IMU-KC Library, Kolkata Campus © Copyright All Rights Reserved

webs counters

Powered by Koha